000 00246nam a2200097Ia 4500
008 230915s9999 xx 000 0 und d
050 _aHA29.K45 2008
100 _aGERALD KELLER
245 0 _aSTATISTICS FOR MANAGEMENT AND ECONOMICS
942 _cBK
999 _c72731
_d72731